00683cam a22002053a 450000100060000000300060000600500170001200800410002904000150007004200070008505000070009210000530009924501230015226000290027550600300030451600200033465300520035483000290040685600420043512868PGUSA20140828083258.0040709s2004||||xxu|||||s|||||000 | eng d aPGUSAbeng adc 4aBX1 aRutherford, J. F.q(Joseph Franklin),d1869-194214aThe Harp of God :bProof Conclusive That Millions Now Living Will Never Dieh[electronic resource] /cJ. F. Rutherford bProject Gutenberg,c2004 aPublic domain in the USA. aElectronic text aJehovah's witnesses -- Controversial literature 0aProject Gutenbergv1286840uhttp://www.gutenberg.org/ebooks/12868